The Confessions
Enregistré dans:
| Auteur principal: | |
|---|---|
| Format: | Livre |
| Langue: | Undetermined |
| Publié: |
London
Everyman's Library
2001
|
| Sujets: | |
| Tags: |
Ajouter un tag
Pas de tags, Soyez le premier à ajouter un tag!
|
| Thư viện lưu trữ: | Trung tâm Học liệu Trường Đại học Cần Thơ |
|---|
| LEADER | 00439nam a2200169Ia 4500 | ||
|---|---|---|---|
| 001 | CTU_47262 | ||
| 008 | 210402s9999 xx 000 0 und d | ||
| 082 | |a 234.166 | ||
| 082 | |b A925/2001 | ||
| 100 | |a AUGUSTINE | ||
| 245 | 4 | |a The Confessions | |
| 245 | 0 | |c AUGUSTINE, Philip Burton | |
| 260 | |a London | ||
| 260 | |b Everyman's Library | ||
| 260 | |c 2001 | ||
| 650 | |a confession | ||
| 980 | |a Trung tâm Học liệu Trường Đại học Cần Thơ | ||